• 首页
  • 本馆介绍
  • 公告通知
  • 最新文献
  • 馆藏检索
  • 电子资源
  • 读者导购
  • 参考咨询
  • 我的图书馆
  • 登录
  • 详细信息显示
  • 放入我的书架
  • 预约/预借图书
  • 作者相关作品
  • 分类相关作品
  • 丛书相关作品
  • 出版社相关作品

书目信息

  • 表格格式
  • 工作单格式
  • 卡片格式
题名:
不走寻常路,玩出新疆味
    
 
作者: 马维易 著
分册:  
出版信息: 北京   人民邮电出版社  2013.04
页数: 208页
开本: 24cm
丛书名:
单 册:
中图分类: K928.945
科图分类:
主题词: 游记--新疆--现代 , 游记
电子资源:
ISBN: 978-7-115-30918-1
000 01076nam0 2200265 450
001 005906863
005 20130608101841.20
010    @a978-7-115-30918-1@dCNY39.80
035    @a(A210000LPL)012004643402
100    @a20130409d2013 em y0chiy50 ea
101 0  @achi
102    @aCN@b110000
105    @aa z 000yy
200 1  @a不走寻常路,玩出新疆味@9bu zou xun chang lu,wan chu xin jiang wei@e15年新疆旅游达人带你一起玩转新疆@f马维易著
210    @a北京@c人民邮电出版社@d2013.04
215    @a208页@c图@d24cm
330    @a本书介绍了广袤、壮美、多彩、神奇的新疆,以一位行走新疆十几次的旅游达人独具特色的视角为读者介绍了不同寻常的精华旅游路线,带领读者走进20个极境绝色之地,拜访10处世外村落,大啖15种当地美食,体验少数民族风情,完成一次不同寻常的新疆之旅。
333    @a一般读者
517 1  @a15年新疆旅游达人带你一起玩转新疆@915 nian xin jiang lv you da ren dai ni yi qi wan zhuan xin jiang
606 0  @a游记@y新疆@z现代
606 0  @a游记
690    @aK928.945@v5
701  0 @a马维易@9ma wei yi@4著
801  0 @aCN@b人天书店@c20130409
905    @dK928.945@e666
    
    不走寻常路,玩出新疆味:15年新疆旅游达人带你一起玩转新疆/马维易著.-北京:人民邮电出版社,2013.04
    208页:图;24cm
    使用对象:一般读者
    
    ISBN 978-7-115-30918-1:CNY39.80
    本书介绍了广袤、壮美、多彩、神奇的新疆,以一位行走新疆十几次的旅游达人独具特色的视角为读者介绍了不同寻常的精华旅游路线,带领读者走进20个极境绝色之地,拜访10处世外村落,大啖15种当地美食,体验少数民族风情,完成一次不同寻常的新疆之旅。
●
相关链接 在E读中查询图书 在五车中查询图书 在当当中查询图书 在豆瓣中查询图书


正题名:不走寻常路,玩出新疆味     索取号:K928.945/666         预约/预借

序号 登录号 条形码 馆藏地/架位号 状态 备注
1 0543404   205434047   第二样本阅览室/ [索取号:K928.945/666] 在馆    
2 0543405   205434056   第二借阅区/ [索取号:K928.945/666] 在馆    
3 0543406   205434065   第二借阅区/ [索取号:K928.945/666] 在馆    
4 0543407   205434074   密集书库-资源管理系/ [索取号:K928.945/666] 在馆    
5 0543408   205434083   第二借阅区/ [索取号:K928.945/666] 在馆    
唐山师范学院图书馆 欢迎您!
大连网信软件有限公司© 版权所有